Marketing kultúrnych podujatí aplikovaný v praxi diplomová práca

Saved in:
Bibliographic Details
Main Author: Rigo, Martin
Corporate Author: Obchodná fakulta EU. Katedra marketingu
Other Authors: Korčoková, Marína, 1970-
Format: Book
Language:Slovak
Published: Bratislava 2010
Tags: Add Tag
No Tags, Be the first to tag this record!

MARC

LEADER 00000nam$a2200000$$$4500
001 0121898
005 20240318122554.2
041 0 |a slo 
044 |a SK 
245 1 0 |a Marketing kultúrnych podujatí aplikovaný v praxi  |b diplomová práca  |c Martin Rigo ; škol. Marína Korčoková 
264 1 |a Bratislava  |c 2010 
300 |a 75 s. 
100 1 |a Rigo, Martin 
700 1 |a Korčoková, Marína, 1970- 
710 2 |a Obchodná fakulta EU. Katedra marketingu